000 00828nam a2200217Ia 4500
001 2606
003 GE_BSU
008 181216s||||||||xx |||||||||||||| ||und||
040 _cGE_BSU
080 _a94(479.9)
245 _aჩრდილო კავკასიის ხალხთა ისტორიის ნარკვევები ნაკ.II
245 _cრედ. ზ. ანჩაბაძე., მხატვ. გ. ნადირაზე
260 _aთბილისი
260 _bმეცნიერება
260 _c1978
300 _a330 გვ. 21 სმ.
541 _h12 ლ.
653 _aისტორია
653 _aჩრდილო კავკასიის ხალხთა ისტორიის ნარკვევები. ნაკ.II
942 _cBK
999 _c36679
_d36679